banner-ar

APPLICATIONS IN COMPUTING FOR SOCIAL ANTROPOGISTS (Record no. 20775)

MARC details
000 -الفاتح
حقل البيانات ثابتة الطول 00351nam a2200133Ia 4500
008 - عناصر البيانات ثابتة الطول - معلومات عامة
حقل البيانات ثابتة الطول 140319s9999 xx 000 0 eng d
040 ## - مصدر الفهرسة
وكالة الفهرسة الأصلية GCL /
وكالة النسخ GCL
082 04 - رقم تصنيف ديوى العشرى
رقم التصنيف 306
رقم المادة F A
245 10 - بيان العنوان
العنوان APPLICATIONS IN COMPUTING FOR SOCIAL ANTROPOGISTS
260 ## - PUBLICATION, DISTRIBUTION, ETC. (IMPRINT)
تاريخ النشر أو التوزيع 1994
300 ## - الوصف المادى
التعداد 233 P
490 ## - بيان السلسلة
عنوان السلسلة ASA RESEARCH METHODS
رقم المجلد/ التعيين التسلسلي 0
260 ## - PUBLICATION, DISTRIBUTION, ETC. (IMPRINT)
-- [S.N] :
-- ROUTLEDGE ،
Holdings
حالة التراجع حالة الفقد حالة تلف ليس للاعارة المكان المؤقت الموقع الحالى تاريخ الاكتساب اجمالي اﻻعارات رقم الطلب الباركود تاريخ اخر مشاهدة تاريخ تفعيل السعر نوع وعاء كوها
        مكتبة القاهرة الكبرى مكتبة القاهرة الكبرى 03/26/2014   306\F A 38765 03/26/2014 03/26/2014 كتاب

Powered By

EGPV